000 00302nam a2200121Ia 4500
008 240624s9999 xx 000 0 und d
041 _aeng
082 _a828 REA
100 _aREADER DIGEST
245 _aREADER S DIGEST SELECT EDITIONS
260 _c2006
_aSydney
_bReader Digest
300 _a558p. : 20cm.
999 _c3958
_d3958